000 00393nam a2200169Ia 4500
001 19639
003 IN-NITTTR
005 20251114233226.0
008 251113s9999||||xx |||||||||||||| ||eng||
040 _beng
040 _cIN-NITTTR
041 _aeng
082 _a006.33 J137I
100 _aJackson, Peter
245 0 _aIntroduction to expert systems /
_cJackson, Peter
942 _2ddc
_cBK
999 _c22273
_d22273